[Event "2. BUNDESLIGA MITTE 2018/2019"]
[Site "Grieskirchen, Friedberg/Sauwald, St. Veit, Deutschlandsberg"]
[Date "2018.10.21"]
[Round "3"]
[Board "5"]
[White "Kranzl, Peter"]
[Black "Hiermann, Dietmar"]
[Result "1/2-1/2"]
[WhiteElo "2157"]
[BlackElo "2203"]
[PlyCount "59"]
[EventDate "2018.10.19"]
[EventType "team"]
[EventRounds "11"]
[EventCountry "AUT"]
[WhiteTeam "ASK St.Valentin"]
[BlackTeam "SPG Sauwald"]

1. Nf3 d5 2. g3 Nf6 3. Bg2 e6 4. O-O Be7 5. b3 O-O 6. Bb2 c5 7. e3 b6 8. c4 Bb7
9. d3 Nbd7 10. Qe2 Qc7 11. Nc3 Rac8 12. Rac1 Qb8 13. Rfd1 Rfd8 14. cxd5 Nxd5
15. Nxd5 Bxd5 16. d4 Qb7 17. Ne1 Bxg2 18. Nxg2 cxd4 19. Bxd4 Rxc1 20. Rxc1 Rc8
21. Rc2 Bf6 22. Bxf6 Nxf6 23. Ne1 h6 24. Qd3 Rxc2 25. Nxc2 Ne4 26. h4 Nc5 27.
Qc4 Qf3 28. Ne1 Qd1 29. Kf1 Nd7 30. Qd3  1/2-1/2

[Event "2. BUNDESLIGA MITTE 2018/2019"]
[Site "Grieskirchen, Friedberg/Sauwald, St. Veit, Deutschlandsberg"]
[Date "2018.10.21"]
[Round "3"]
[Board "6"]
[White "Hellmayr, Alois"]
[Black "Eder, Andreas"]
[Result "1-0"]
[WhiteElo "2283"]
[BlackElo "2121"]
[PlyCount "123"]
[EventDate "2018.10.19"]
[EventType "team"]
[EventRounds "11"]
[EventCountry "AUT"]
[WhiteTeam "SPG Sauwald"]
[BlackTeam "ASK St.Valentin"]

1. d4 d5 2. Nf3 c6 3. c3 Bf5 4. Bf4 e6 5. e3 Nf6 6. h3 h6 7. Qb3 Qb6 8. Nbd2
Nbd7 9. Be2 Ne4 10. Qxb6 axb6 11. a3 b5 12. O-O g5 13. Bh2 g4 14. hxg4 Bxg4 15.
Rae1 Nxd2 16. Nxd2 Bxe2 17. Rxe2 Nb6 18. f3 Kd7 19. Kf2 Be7 20. Rh1 Rag8 21.
Be5 f6 22. Bf4 Rg6 23. Rh2 f5 24. Nb3 Bd6 25. Bxd6 Kxd6 26. Nc5 Kc7 27. Nd3 Nd7
28. Re1 Kd6 29. Rh5 Rg5 30. Rh4 Rg6 31. Reh1 b6 32. Rh5 c5 33. R1h4 Rf6 34. Rf4
c4 35. Nc1 Rg6 36. Ne2 Rhg8 37. Rh2 Rh8 38. Rfh4 Rf6 39. Rh5 Nb8 40. R2h3 Nc6
41. Rg3 Ne7 42. Rg7 Kd7 43. Nf4 Ke8 44. Ke2 Kf8 45. Rg3 Rg8 46. Rhh3 Rg5 47.
Rxh6 Rxh6 48. Rxg5 Rh1 49. Kd2 Kf7 50. Rh5 Rb1 51. Kc2 Re1 52. Rh6 Nc6 53. Rxe6
Na5 54. Kd2 Rb1 55. Rxb6 Nb3+ 56. Ke2 Rxb2+ 57. Kf1 Nd2+ 58. Kg1 Rb1+ 59. Kf2
Rb2 60. Nxd5 Nb1+ 61. Kg3 Nxa3 62. Kf4  1-0

[Event "2. BUNDESLIGA MITTE 2018/2019"]
[Site "Grieskirchen, Friedberg/Sauwald, St. Veit, Deutschlandsberg"]
[Date "2018.10.21"]
[Round "3"]
[Board "1"]
[White "Halvax, Georg"]
[Black "Schwabeneder, Florian"]
[Result "0-1"]
[WhiteElo "2421"]
[BlackElo "2430"]
[PlyCount "98"]
[EventDate "2018.10.19"]
[EventType "team"]
[EventRounds "11"]
[EventCountry "AUT"]
[WhiteTeam "SC MPOE Maria Saal II"]
[BlackTeam "SPK Grieskirchen/Schallerbach"]

1. d4 {[%emt 0:00:00]} Nf6 {[%eval 0,0] [%emt 0:00:00]} 2. c4 e6 3. Nf3 Bb4+ 4.
Bd2 a5 5. g3 b6 6. Bg2 Bb7 7. O-O O-O 8. b3 Re8 9. Bc3 Bf8 10. Nbd2 Ne4 11.
Nxe4 Bxe4 12. Nd2 Bxg2 13. Kxg2 d5 14. e4 c5 15. exd5 exd5 16. Qf3 cxd4 17.
Bxd4 Nc6 18. Bb2 Nb4 19. a3 Nc2 20. Rac1 Nxa3 21. cxd5 Nb5 22. Nc4 Nd6 23. Ne5
b5 24. Rc6 f6 25. Ng4 Ne4 26. Re1 Nd2 27. Rxe8 Qxe8 28. Nxf6+ gxf6 29. Qxf6
Qe4+ 30. Kh3 Qxd5 31. Qh8+ Kf7 32. Qf6+ Kg8 33. Qh8+ Kf7 34. Rf6+ Ke7 35. Qxh7+
Ke8 36. Qg6+ Kd7 37. Qg4+ Kc7 38. Rf5 Qd7 39. Be5+ Kb7 40. Qf4 Bb4 41. g4 Re8
42. Qe3 Re7 43. f3 Qd5 44. Rf6 Bc5 45. Qe2 Ba7 46. Rd6 Qxd6 47. Qxb5+ Qb6 48.
Qd5+ Qc6 49. Qxd2 Qxf3+  0-1

[Event "2. BUNDESLIGA MITTE 2018/2019"]
[Site "Grieskirchen, Friedberg/Sauwald, St. Veit, Deutschlandsberg"]
[Date "2018.10.21"]
[Round "3"]
[Board "2"]
[White "Haba, Petr"]
[Black "Handler, Lukas"]
[Result "1-0"]
[WhiteElo "2445"]
[BlackElo "2415"]
[PlyCount "45"]
[EventDate "2018.10.19"]
[EventType "team"]
[EventRounds "11"]
[EventCountry "AUT"]
[WhiteTeam "SPK Grieskirchen/Schallerbach"]
[BlackTeam "SC MPOE Maria Saal II"]

1. e4 c5 2. Nf3 d6 3. d4 cxd4 4. Nxd4 Nf6 5. Nc3 a6 6. Be2 e6 7. Be3 Be7 8. f4
O-O 9. O-O Qc7 10. g4 b5 11. g5 Nfd7 12. f5 b4 13. fxe6 bxc3 14. exf7+ Rxf7 15.
Rxf7 Kxf7 16. Qf1+ Nf6 17. Bc4+ Ke8 18. b3 Qa5 19. gxf6 Bxf6 20. Bd5 Ra7 21.
Nf5 Bxf5 22. Qxf5 Re7 23. Bf7+  1-0

[Event "2. BUNDESLIGA MITTE 2018/2019"]
[Site "Grieskirchen, Friedberg/Sauwald, St. Veit, Deutschlandsberg"]
[Date "2018.10.21"]
[Round "3"]
[Board "3"]
[White "Rieger, Robert"]
[Black "Kilgus, Georg"]
[Result "0-1"]
[WhiteElo "2297"]
[BlackElo "2436"]
[PlyCount "96"]
[EventDate "2018.10.19"]
[EventType "team"]
[EventRounds "11"]
[EventCountry "AUT"]
[WhiteTeam "SC MPOE Maria Saal II"]
[BlackTeam "SPK Grieskirchen/Schallerbach"]

1. e4 {[%emt 0:00:00]} c5 2. Nf3 g6 3. d4 Bg7 4. Nc3 cxd4 5. Nxd4 Nc6 6. Be3
Nf6 7. Bc4 O-O 8. Bb3 Qa5 9. O-O d6 10. h3 Bd7 11. Nf3 Rac8 12. Re1 Rfd8 13.
Qe2 Ne8 14. Bd2 Qh5 15. Rad1 Nc7 16. Nd5 Nxd5 17. exd5 Ne5 18. Nxe5 Qxe2 19.
Rxe2 Bxe5 20. c3 f5 21. Bg5 Kf7 22. Rde1 Re8 23. a4 Bf6 24. Be3 b6 25. f4 Rb8
26. Kf2 h5 27. Ra1 Rec8 28. Rd2 Rc7 29. Kf3 h4 30. Bf2 Bc8 31. g4 hxg3 32. Kxg3
Bd7 33. h4 Rh8 34. Rh1 Rcc8 35. Rdd1 Bxc3 36. Rb1 Bf6 37. Bd1 Rh6 38. b4 Rch8
39. h5 gxh5 40. a5 h4+ 41. Kh3 Rb8 42. axb6 axb6 43. Rc1 Rb7 44. Be2 b5 45. Rc2
Rh8 {[%emt 0:00:00]} 46. Rhc1 Ra8 47. Rc7 Rxc7 {[%emt 0:00:00]} 48. Rxc7 {
[%eval -251,19] [%emt 0:00:02]} Be8 {[%emt 0:00:01] (Ta3+)}  0-1

[Event "2. BUNDESLIGA MITTE 2018/2019"]
[Site "Grieskirchen, Friedberg/Sauwald, St. Veit, Deutschlandsberg"]
[Date "2018.10.21"]
[Round "3"]
[Board "4"]
[White "Singer, Christoph"]
[Black "Tomazini, Zan"]
[Result "0-1"]
[WhiteElo "2347"]
[BlackElo "2431"]
[PlyCount "100"]
[EventDate "2018.10.19"]
[EventType "team"]
[EventRounds "11"]
[EventCountry "AUT"]
[WhiteTeam "SPK Grieskirchen/Schallerbach"]
[BlackTeam "SC MPOE Maria Saal II"]

1. e4 e5 2. Nf3 Nc6 3. Bc4 Nf6 4. d3 Bc5 5. c3 O-O 6. Bg5 h6 7. Bh4 g5 8. Bg3
d6 9. Nbd2 a6 10. Bb3 Kg7 11. O-O Ba7 12. Rc1 Ng8 13. Nc4 Nge7 14. d4 f6 15.
Ne3 Ng6 16. Nf5+ Kh7 17. h4 Nce7 18. hxg5 Nxf5 19. exf5 Bxf5 20. gxh6 Kxh6 21.
Nh4 Nxh4 22. Bxh4 Qe8 23. Kh2 Qg6 24. Bc2 Rh8 25. g3 Kg7 26. Bxf5 Qxf5 27. Qc2
Rxh4+ 28. gxh4 Qf4+ 29. Kh3 Qf3+ 30. Kh2 Qf4+ 31. Kh3 Qf3+ 32. Kh2 Rh8 33. Rg1+
Kf8 34. Rg2 Rxh4+ 35. Kg1 Qh3 36. f3 exd4 37. Rg8+ Kxg8 38. Qg6+ Kh8 39. Qxf6+
Kh7 40. Qf7+ Kh6 41. Qf6+ Kh5 42. Qf7+ Kg5 43. Qg7+ Kf4 44. Qf6+ Kg3 45. Qg5+
Rg4 46. Qxg4+ Qxg4 47. fxg4 dxc3+ 48. Kf1 cxb2 49. Rc3+ Kxg4 50. Rb3 Bd4  0-1

[Event "2. BUNDESLIGA MITTE 2018/2019"]
[Site "Grieskirchen, Friedberg/Sauwald, St. Veit, Deutschlandsberg"]
[Date "2018.10.21"]
[Round "3"]
[Board "5"]
[White "Kreisl, Robert"]
[Black "Webersberger, Johann"]
[Result "1/2-1/2"]
[WhiteElo "2427"]
[BlackElo "2368"]
[PlyCount "31"]
[EventDate "2018.10.19"]
[EventType "team"]
[EventRounds "11"]
[EventCountry "AUT"]
[WhiteTeam "SC MPOE Maria Saal II"]
[BlackTeam "SPK Grieskirchen/Schallerbach"]

1. d4 Nf6 2. Nf3 e6 3. Bf4 b6 4. e3 Bb7 5. Bd3 c5 6. c3 Be7 7. h3 O-O 8. Nbd2
cxd4 9. exd4 d6 10. O-O Re8 11. Re1 Nbd7 12. Bh2 Nf8 13. Bb5 N8d7 14. Bd3 Nf8
15. Bb5 N8d7 16. Bd3  1/2-1/2

[Event "2. BUNDESLIGA MITTE 2018/2019"]
[Site "Grieskirchen, Friedberg/Sauwald, St. Veit, Deutschlandsberg"]
[Date "2018.10.21"]
[Round "3"]
[Board "6"]
[White "Lentrodt, Thomas"]
[Black "Ertl, Johann"]
[Result "1-0"]
[WhiteElo "2281"]
[BlackElo "2255"]
[PlyCount "103"]
[EventDate "2018.10.19"]
[EventType "team"]
[EventRounds "11"]
[EventCountry "AUT"]
[WhiteTeam "SPK Grieskirchen/Schallerbach"]
[BlackTeam "SC MPOE Maria Saal II"]

1. d4 Nf6 2. c4 g6 3. Nc3 Bg7 4. e4 d6 5. Be2 O-O 6. Nf3 e5 7. O-O Nc6 8. d5
Ne7 9. Ne1 Nd7 10. Nd3 f5 11. f3 f4 12. g4 Bf6 13. Bd2 h5 14. h3 Bh4 15. Be1
Bxe1 16. Qxe1 g5 17. Qf2 Kg7 18. Kg2 Rh8 19. Rg1 Ng6 20. Kf1 Nf6 21. Ke1 hxg4
22. hxg4 c6 23. Kd2 cxd5 24. cxd5 Bd7 25. a4 a5 26. Kc2 Qc7 27. Kb1 Rhc8 28.
Rc1 Ne8 29. Ra3 b6 30. Rb3 Rab8 31. Nb5 Qb7 32. Rxc8 Qxc8 33. Rc3 Qd8 34. Ne1
Rc8 35. Rxc8 Bxc8 36. Nc2 Bd7 37. Nca3 Ne7 38. Nc3 Qc7 39. Bb5 Nc8 40. Bxd7
Qxd7 41. Ncb5 Nc7 42. Qe2 Kf6 43. Qh2 Ne7 44. Qh8+ Kg6 45. Qh5+ Kf6 46. Qh8+
Kg6 47. Nxc7 Qxc7 48. Qe8+ Kf6 49. Nb5 Qc5 50. Nxd6 Qe3 51. Ka2 Qxf3 52. Qf7#
 1-0

[Event "2. BUNDESLIGA MITTE 2018/2019"]
[Site "Grieskirchen, Friedberg/Sauwald, St. Veit, Deutschlandsberg"]
[Date "2018.10.21"]
[Round "3"]
[Board "1"]
[White "Schachinger, Mario"]
[Black "Heinemann, Thies"]
[Result "1/2-1/2"]
[WhiteElo "2396"]
[BlackElo "2509"]
[PlyCount "154"]
[EventDate "2018.10.19"]
[EventType "team"]
[EventRounds "11"]
[EventCountry "AUT"]
[WhiteTeam "Frauental"]
[BlackTeam "EJ Gleisdorf"]

1. d4 Nf6 2. c4 e6 3. Nc3 Bb4 4. e3 b6 5. Nge2 c5 6. a3 Ba5 7. Rb1 Na6 8. g3
Bb7 9. d5 exd5 10. Bg2 Rb8 11. cxd5 b5 12. O-O Bc8 13. b4 cxb4 14. axb4 Bxb4
15. Qd4 Qc7 16. d6 Qxd6 17. Nxb5 Qxd4 18. Nexd4 O-O 19. e4 Bc5 20. Bf4 Rb6 21.
e5 Ne8 22. Be3 Nac7 23. Nxc7 Nxc7 24. Rbc1 d6 25. exd6 Bxd6 26. Nc6 Rb3 27. Na5
Rb5 28. Nc4 Be7 29. Bc6 Rb4 30. Rfe1 Be6 31. Ne5 Nb5 32. Nd3 Rb3 33. Bc5 Bxc5
34. Nxc5 Nd4 35. Nxb3 Nxb3 36. Rcd1 Nc5 37. Bd5 Bxd5 38. Rxd5 Ne6 39. Ra1 a6
40. Rd6 h5 41. Rdxa6 g6 42. f4 Kg7 43. Ra8 Rxa8 44. Rxa8 h4 45. Kf2 hxg3+ 46.
hxg3 f5 47. Ke3 Kf7 48. Ra7+ Kf6 49. Ra6 Ke7 50. Rb6 Kf7 51. Kd3 Nf8 52. Kd4
Nd7 53. Ra6 Nf6 54. Ra7+ Kf8 55. Ke5 Ng4+ 56. Ke6 Kg8 57. Ra8+ Kg7 58. Rb8 Nf2
59. Rb7+ Kh6 60. Kf7 Kh5 61. Rb6 g5 62. Rb4 Ne4 63. Rb3 gxf4 64. gxf4 Kg4 65.
Kg6 Kxf4 66. Rb5 Ng3 67. Rb4+ Ne4 68. Ra4 Kg4 69. Rd4 Kf4 70. Rb4 Kg4 71. Kf7
f4 72. Rxe4 Kg3 73. Kf6 f3 74. Kf5 f2 75. Rg4+ Kh2 76. Rf4 Kg2 77. Rxf2+ Kxf2
 1/2-1/2

[Event "2. BUNDESLIGA MITTE 2018/2019"]
[Site "Grieskirchen, Friedberg/Sauwald, St. Veit, Deutschlandsberg"]
[Date "2018.10.21"]
[Round "3"]
[Board "2"]
[White "Frosch, Ronald"]
[Black "Cigan, Stefan"]
[Result "1-0"]
[WhiteElo "2284"]
[BlackElo "2318"]
[PlyCount "63"]
[EventDate "2018.10.19"]
[EventType "team"]
[EventRounds "11"]
[EventCountry "AUT"]
[WhiteTeam "EJ Gleisdorf"]
[BlackTeam "Frauental"]

1. d4 Nf6 2. Nf3 g6 3. Nbd2 Bg7 4. e4 O-O 5. g3 d5 6. e5 Ne4 7. Bg2 c5 8. c3
Nc6 9. O-O cxd4 10. Nxe4 dxe4 11. Nxd4 Nxe5 12. Bxe4 Nc4 13. Qe2 Nd6 14. Bg2 e5
15. Nb5 Nf5 16. Rd1 Qe7 17. b3 Bd7 18. Nc7 Rad8 19. Nd5 Qc5 20. a4 Rfe8 21. b4
Qc8 22. Bg5 Be6 23. Bxd8 Qxd8 24. Qb5 Nd6 25. Qc5 b6 26. Qc7 Bxd5 27. Qxd8 Rxd8
28. Rxd5 Kf8 29. Rad1 Ke7 30. c4 f5 31. c5 bxc5 32. bxc5  1-0

[Event "2. BUNDESLIGA MITTE 2018/2019"]
[Site "Grieskirchen, Friedberg/Sauwald, St. Veit, Deutschlandsberg"]
[Date "2018.10.21"]
[Round "3"]
[Board "3"]
[White "Steiner, Stefan"]
[Black "Wanderer, Thomas"]
[Result "0-1"]
[WhiteElo "2319"]
[BlackElo "2225"]
[PlyCount "88"]
[EventDate "2018.10.19"]
[EventType "team"]
[EventRounds "11"]
[EventCountry "AUT"]
[WhiteTeam "Frauental"]
[BlackTeam "EJ Gleisdorf"]

1. Nf3 c5 2. c4 Nf6 3. g3 Nc6 4. Bg2 d5 5. cxd5 Nxd5 6. Nc3 Nc7 7. O-O e5 8. d3
Be7 9. Be3 b6 10. Qa4 Bd7 11. Rfc1 Rc8 12. Nd2 Na5 13. Qd1 Bc6 14. Nf3 f6 15.
Bd2 O-O 16. Nb1 Nb7 17. b4 Qd7 18. a4 a6 19. Qb3+ Bd5 20. Qb2 Rb8 21. Nc3 Be6
22. b5 Na5 23. Rd1 Nb3 24. Rab1 axb5 25. axb5 Nxb5 26. Nxb5 Qxb5 27. Qc2 c4 28.
Be3 Qa6 29. d4 exd4 30. Nxd4 Nxd4 31. Rxd4 b5 32. Rh4 f5 33. Bd4 Bxh4 34. gxh4
Qd6 35. e3 b4 36. Rd1 Qe7 37. Ra1 Rf7 38. Ra7 Qxh4 39. Qa4 Qg4 40. h3 Qg6 41.
Ra6 c3 42. Qa5 f4 43. exf4 Qb1+ 44. Kh2 c2  0-1

[Event "2. BUNDESLIGA MITTE 2018/2019"]
[Site "Grieskirchen, Friedberg/Sauwald, St. Veit, Deutschlandsberg"]
[Date "2018.10.21"]
[Round "3"]
[Board "4"]
[White "Manhardt, Thomas"]
[Black "Ebner, Hubert"]
[Result "1-0"]
[WhiteElo "2264"]
[BlackElo "2243"]
[PlyCount "65"]
[EventDate "2018.10.19"]
[EventType "team"]
[EventRounds "11"]
[EventCountry "AUT"]
[WhiteTeam "EJ Gleisdorf"]
[BlackTeam "Frauental"]

1. e4 c5 2. Be2 Nc6 3. f4 g6 4. Nf3 Bg7 5. O-O d6 6. d3 e6 7. c3 Nge7 8. Qe1 b6
9. Na3 Bb7 10. Kh1 Qd7 11. Nc2 O-O-O 12. Rb1 Kb8 13. b4 f5 14. a4 c4 15. a5
cxd3 16. Bxd3 fxe4 17. Bxe4 Nd5 18. Bxd5 exd5 19. axb6 axb6 20. Be3 Rde8 21.
Qd2 d4 22. Ncxd4 Nxd4 23. Bxd4 Bxd4 24. Nxd4 Re4 25. Rbe1 Rhe8 26. Rxe4 Rxe4
27. b5 Qg4 28. Kg1 h5 29. f5 gxf5 30. Nxf5 Re2 31. Qxd6+ Kc8 32. Ne7+ Rxe7 33.
Rf8+  1-0

[Event "2. BUNDESLIGA MITTE 2018/2019"]
[Site "Grieskirchen, Friedberg/Sauwald, St. Veit, Deutschlandsberg"]
[Date "2018.10.21"]
[Round "3"]
[Board "5"]
[White "Krebs, Johann"]
[Black "Wegerer, Fred"]
[Result "1/2-1/2"]
[WhiteElo "2196"]
[BlackElo "2182"]
[PlyCount "78"]
[EventDate "2018.10.19"]
[EventType "team"]
[EventRounds "11"]
[EventCountry "AUT"]
[WhiteTeam "Frauental"]
[BlackTeam "EJ Gleisdorf"]

1. d4 d6 2. c4 e5 3. Nf3 exd4 4. Nxd4 g6 5. g3 Bg7 6. Bg2 Ne7 7. Nc3 Nbc6 8.
Be3 O-O 9. Rc1 Bd7 10. O-O a6 11. Nd5 Nf5 12. Nxf5 Bxf5 13. Qd2 Re8 14. Rfe1
Rb8 15. c5 dxc5 16. Rxc5 Be4 17. Rec1 Bxg2 18. Kxg2 Re6 19. b4 Qd6 20. Bg5 Rbe8
21. e3 Be5 22. R1c2 f6 23. Bf4 Rd8 24. Qe2 Bxf4 25. Nxf4 Ree8 26. Qc4+ Kh8 27.
a4 Ne5 28. Qb3 c6 29. Qb2 Qe7 30. Rd2 Rxd2 31. Qxd2 Rd8 32. Qc2 Kg7 33. Qb3 Rd6
34. Rc2 Ng4 35. Qc4 Ne5 36. Qb3 Nd3 37. Nxd3 Qe4+ 38. f3 Qxd3 39. Qxd3 Rxd3
 1/2-1/2

[Event "2. BUNDESLIGA MITTE 2018/2019"]
[Site "Grieskirchen, Friedberg/Sauwald, St. Veit, Deutschlandsberg"]
[Date "2018.10.21"]
[Round "3"]
[Board "6"]
[White "Sandner, Wolfgang"]
[Black "Khalakhan, Jurij"]
[Result "0-1"]
[WhiteElo "2239"]
[BlackElo "2279"]
[PlyCount "80"]
[EventDate "2018.10.19"]
[EventType "team"]
[EventRounds "11"]
[EventCountry "AUT"]
[WhiteTeam "EJ Gleisdorf"]
[BlackTeam "Frauental"]

1. b3 e5 2. Bb2 Nc6 3. e3 Nf6 4. c4 d5 5. cxd5 Nxd5 6. a3 a6 7. d3 Bd6 8. Nf3
O-O 9. Nbd2 Kh8 10. Be2 f5 11. O-O Qe7 12. Qc2 Bd7 13. Nc4 Rae8 14. Nxd6 cxd6
15. Nd2 f4 16. Bf3 Be6 17. Bxd5 Bxd5 18. e4 Be6 19. f3 Rf6 20. Rf2 Rh6 21. Nf1
g5 22. b4 g4 23. fxg4 Bxg4 24. Rxf4 Rg6 25. Rf2 Reg8 26. Re1 h5 27. Ne3 h4 28.
Nf5 Qh7 29. Re3 h3 30. g3 Rf6 31. d4 Rgf8 32. dxe5 dxe5 33. Qc5 b6 34. Qd5 Bxf5
35. exf5 Rd8 36. Qf3 Rxf5 37. Qg4 Rxf2 38. Kxf2 Rf8+ 39. Rf3 Qc2+ 40. Ke3 Qb3+
 0-1

[Event "2. BUNDESLIGA MITTE 2018/2019"]
[Site "Grieskirchen, Friedberg/Sauwald, St. Veit, Deutschlandsberg"]
[Date "2018.10.21"]
[Round "3"]
[Board "1"]
[White "Wertjanz, David"]
[Black "Huber, Martin Christian"]
[Result "1/2-1/2"]
[WhiteElo "2311"]
[BlackElo "2325"]
[PlyCount "43"]
[EventDate "2018.10.19"]
[EventType "team"]
[EventRounds "11"]
[EventCountry "AUT"]
[WhiteTeam "SC Die Klagenfurter"]
[BlackTeam "Schachfreunde Graz"]

1. e4 c5 2. Nf3 e6 3. d4 cxd4 4. Nxd4 Nc6 5. Nb5 d6 6. c4 Nf6 7. N5c3 b6 8. g3
Bb7 9. Bg2 h5 10. h3 h4 11. g4 Nd7 12. Be3 g5 13. Qd2 Be7 14. Na3 a6 15. O-O-O
Nce5 16. Kb1 Rc8 17. Qe2 Qc7 18. Rd4 Nc6 19. Rdd1 Nce5 20. Rd4 Nc6 21. Rdd1
Nce5 22. Rd4  1/2-1/2

[Event "2. BUNDESLIGA MITTE 2018/2019"]
[Site "Grieskirchen, Friedberg/Sauwald, St. Veit, Deutschlandsberg"]
[Date "2018.10.21"]
[Round "3"]
[Board "2"]
[White "Kravanja, Georg"]
[Black "Genser, Harald"]
[Result "1/2-1/2"]
[WhiteElo "2284"]
[BlackElo "2274"]
[PlyCount "83"]
[EventDate "2018.10.19"]
[EventType "team"]
[EventRounds "11"]
[EventCountry "AUT"]
[WhiteTeam "Schachfreunde Graz"]
[BlackTeam "SC Die Klagenfurter"]

1. d4 d5 2. c4 e6 3. Nf3 a6 4. e3 Nf6 5. Nbd2 c5 6. cxd5 exd5 7. dxc5 Bxc5 8.
Nb3 Ba7 9. Be2 Nc6 10. O-O O-O 11. Nbd4 Nxd4 12. Nxd4 Be6 13. b3 Qe7 14. Bb2
Rac8 15. Qd3 Ne4 16. Rac1 Bb8 17. Nxe6 fxe6 18. Rxc8 Rxc8 19. Bf3 Nf6 20. g3
Ba7 21. Bg2 Rc6 22. Rc1 Qc7 23. Rxc6 Qxc6 24. h3 Bb6 25. Qb1 Bd8 26. Qd1 Be7
27. h4 Ne4 28. Bxe4 dxe4 29. Qg4 Bf8 30. Be5 Qd5 31. Qf4 Be7 32. Kg2 h6 33. Bd4
Bd6 34. Qg4 Be5 35. Bxe5 Qxe5 36. Qg6 Kf8 37. Qh7 Kf7 38. Qh8 Qh5 39. Qd8 Qd5
40. Qb6 Kg6 41. a4 h5 42. Qb4  1/2-1/2

[Event "2. BUNDESLIGA MITTE 2018/2019"]
[Site "Grieskirchen, Friedberg/Sauwald, St. Veit, Deutschlandsberg"]
[Date "2018.10.21"]
[Round "3"]
[Board "3"]
[White "Reichmann, Egon"]
[Black "Teuschler, Barbara"]
[Result "0-1"]
[WhiteElo "2215"]
[BlackElo "2203"]
[PlyCount "108"]
[EventDate "2018.10.19"]
[EventType "team"]
[EventRounds "11"]
[EventCountry "AUT"]
[WhiteTeam "SC Die Klagenfurter"]
[BlackTeam "Schachfreunde Graz"]

1. e4 e5 2. Nf3 d6 3. d4 exd4 4. Nxd4 Nf6 5. Nc3 Be7 6. g3 O-O 7. Bg2 Re8 8.
O-O Bf8 9. b3 c6 10. a4 a5 11. Bb2 Na6 12. Qd2 Bd7 13. h3 Qc7 14. g4 h6 15.
Rae1 Rad8 16. f4 Bc8 17. Kh1 Nb4 18. Qf2 Re7 19. Nf3 d5 20. e5 Nd7 21. f5 Qb6
22. Qxb6 Nxb6 23. Re2 Ree8 24. Rd1 Bc5 25. Rdd2 Nd7 26. Nd1 Nf8 27. Bd4 Na6 28.
Nb2 h5 29. Nd3 Bxd4 30. Nxd4 hxg4 31. hxg4 g6 32. Bh3 Bd7 33. Nf4 Nc5 34. Bg2
Bc8 35. Kh2 Kg7 36. Re3 Ne4 37. Bxe4 dxe4 38. Rxe4 c5 39. f6+ Kg8 40. Nf3 Bxg4
41. Rxd8 Rxd8 42. Nxg6 Bxf3 43. Ne7+ Kh8 44. Rh4+ Nh7 45. e6 fxe6 46. Ng6+ Kg8
47. f7+ Kg7 48. Ne5 Bd1 49. Rc4 b6 50. Kg3 Kf6 51. Nc6 Rd5 52. Rf4+ Rf5 53. Rh4
Nf8 54. Nb8 Kxf7  0-1

[Event "2. BUNDESLIGA MITTE 2018/2019"]
[Site "Grieskirchen, Friedberg/Sauwald, St. Veit, Deutschlandsberg"]
[Date "2018.10.21"]
[Round "3"]
[Board "4"]
[White "Kastner, Walter"]
[Black "Petschar, Kurt"]
[Result "1-0"]
[WhiteElo "2214"]
[BlackElo "2239"]
[PlyCount "101"]
[EventDate "2018.10.19"]
[EventType "team"]
[EventRounds "11"]
[EventCountry "AUT"]
[WhiteTeam "Schachfreunde Graz"]
[BlackTeam "SC Die Klagenfurter"]

1. d4 d5 2. Bf4 Nf6 3. e3 c5 4. Nd2 Nc6 5. c3 Bf5 6. Ngf3 e6 7. Bb5 Nd7 8. Ne5
Ncxe5 9. Bxe5 a6 10. Bxd7+ Qxd7 11. dxc5 f6 12. Bd6 Bxd6 13. cxd6 Qxd6 14. O-O
e5 15. Qf3 Be6 16. Qg3 O-O 17. f4 Bf5 18. fxe5 fxe5 19. Nf3 Rae8 20. Rf2 h6 21.
Rd1 Qe6 22. Nd2 Bd3 23. Nb3 Rxf2 24. Qxf2 Bb5 25. Qd2 Bc6 26. Rf1 b6 27. Rf2 a5
28. Qd3 a4 29. Nd2 Qd6 30. a3 Rd8 31. Nf1 Qc5 32. Qf5 Qe7 33. Ng3 Bb5 34. Qh5
Bd3 35. Qd1 Bb5 36. Rd2 Qg5 37. Qe1 e4 38. Rf2 Bd3 39. Rf5 Qe7 40. Qf2 Bb5 41.
Nh5 Rf8 42. Rxf8+ Qxf8 43. Nf4 Bc4 44. h4 Qf6 45. Qg3 Kh7 46. Qg4 b5 47. Kh2 g5
48. Qd7+ Kg8 49. hxg5 hxg5 50. Qe6+ Qf7 51. Qg4  1-0

[Event "2. BUNDESLIGA MITTE 2018/2019"]
[Site "Grieskirchen, Friedberg/Sauwald, St. Veit, Deutschlandsberg"]
[Date "2018.10.21"]
[Round "3"]
[Board "5"]
[White "Titz, Heimo"]
[Black "Eder, Matthias"]
[Result "1/2-1/2"]
[WhiteElo "2116"]
[BlackElo "2166"]
[PlyCount "131"]
[EventDate "2018.10.19"]
[EventType "team"]
[EventRounds "11"]
[EventCountry "AUT"]
[WhiteTeam "SC Die Klagenfurter"]
[BlackTeam "Schachfreunde Graz"]

1. c4 Nf6 2. Nc3 g6 3. e4 d6 4. d4 Bg7 5. Nf3 O-O 6. Be2 e5 7. Be3 exd4 8. Nxd4
Re8 9. f3 c6 10. Qd2 d5 11. exd5 cxd5 12. c5 Qe7 13. Bf2 Nbd7 14. c6 Ne5 15.
cxb7 Bxb7 16. O-O Nc4 17. Bxc4 dxc4 18. Rfe1 Qd7 19. Rxe8+ Rxe8 20. Rd1 Ng4 21.
Ndb5 Qxd2 22. Rxd2 Bh6 23. Re2 Rxe2 24. Nxe2 Nxf2 25. Kxf2 a6 26. Nbc3 f5 27.
f4 Kf7 28. g3 Bf8 29. Nd4 Bc5 30. Ke3 Ke7 31. b3 cxb3 32. axb3 a5 33. Na4 Ba7
34. Kd3 Ba6+ 35. Kc3 Kd6 36. Nb2 Kd5 37. Nf3 h6 38. Nh4 Bg1 39. Nf3 Be3 40. Nh4
Ke4 41. Nxg6 Bd4+ 42. Kc2 Bg1 43. h3 Bf1 44. Nc4 Bxc4 45. bxc4 Bf2 46. g4 Be3
47. gxf5 Kxf5 48. Ne7+ Ke4 49. Nd5 Bxf4 50. Nxf4 Kxf4 51. Kb3 Ke4 52. Ka4 Kd4
53. Kb5 a4 54. Kxa4 Kxc4 55. h4 Kd4 56. Kb4 Ke4 57. Kc3 Kf4 58. Kd3 Kg4 59. Ke3
Kxh4 60. Kf4 Kh3 61. Kf3 h5 62. Kf2 h4 63. Kf3 Kh2 64. Kf2 h3 65. Kf1 Kh1 66.
Kf2  1/2-1/2

[Event "2. BUNDESLIGA MITTE 2018/2019"]
[Site "Grieskirchen, Friedberg/Sauwald, St. Veit, Deutschlandsberg"]
[Date "2018.10.21"]
[Round "3"]
[Board "6"]
[White "Kristoferitsch, Daniel"]
[Black "Jakits, Leopold"]
[Result "1/2-1/2"]
[WhiteElo "1992"]
[BlackElo "2175"]
[PlyCount "103"]
[EventDate "2018.10.19"]
[EventType "team"]
[EventRounds "11"]
[EventCountry "AUT"]
[WhiteTeam "Schachfreunde Graz"]
[BlackTeam "SC Die Klagenfurter"]

1. d4 Nf6 2. c4 e6 3. Nc3 Bb4 4. Qc2 O-O 5. a3 Bxc3+ 6. Qxc3 b6 7. Bg5 Ba6 8.
f3 c5 9. dxc5 bxc5 10. e3 Nc6 11. Ne2 Ne4 12. Bxd8 Nxc3 13. Bc7 Rfc8 14. Bd6
Nxe2 15. Bxe2 Na5 16. Rc1 Rc6 17. Bg3 Kf8 18. Kf2 Ke7 19. Rhd1 d6 20. b4 cxb4
21. axb4 Nxc4 22. Bxc4 Bxc4 23. Bxd6+ Rxd6 24. Rxd6 Kxd6 25. Rxc4 Rb8 26. Ke2
Rb5 27. Kd3 a5 28. bxa5 Rxa5 29. Rc8 h5 30. g4 h4 31. Rh8 g5 32. Rh5 Ra3+ 33.
Ke4 Ra4+ 34. Kd3 f6 35. f4 gxf4 36. exf4 h3 37. Ke3 Ra2 38. Kf3 Rxh2 39. Kg3
Rg2+ 40. Kxh3 Rg1 41. Rh4 Kd5 42. Kh2 Rf1 43. g5 fxg5 44. fxg5 Ke5 45. Rg4 Ra1
46. g6 Ra8 47. g7 Rg8 48. Kg3 Kf6 49. Kf4 e5+ 50. Ke4 Rxg7 51. Rxg7 Kxg7 52.
Kxe5  1/2-1/2